মূলধারা ৭১ / (Record no. 2688)

MARC details
000 -LEADER
fixed length control field 00970nam a22002177a 4500
003 - CONTROL NUMBER IDENTIFIER
control field BD-DhJNU
005 - DATE AND TIME OF LATEST TRANSACTION
control field 20260419054533.0
008 - FIXED-LENGTH DATA ELEMENTS--GENERAL INFORMATION
fixed length control field 260419b |||||||| |||| 00| 0 eng d
020 ## - INTERNATIONAL STANDARD BOOK NUMBER
International Standard Book Number 9789848815632
040 ## - CATALOGING SOURCE
Original cataloging agency BD-DhJNU
Language of cataloging Ben
Transcribing agency BD-DhJNU
Modifying agency BD-DhJNU
082 ## - DEWEY DECIMAL CLASSIFICATION NUMBER
Edition number 23
Classification number 954.92051
100 ## - MAIN ENTRY--PERSONAL NAME
Personal name হাসান, মঈদুল
242 ## - TRANSLATION OF TITLE BY CATALOGING AGENCY
Title Mainstream 71 /
Statement of responsibility, etc. Moidul Hasan
245 ## - TITLE STATEMENT
Title মূলধারা ৭১ /
Statement of responsibility, etc. মঈদুল হাসান
260 ## - PUBLICATION, DISTRIBUTION, ETC.
Place of publication, distribution, etc. ঢাকা :
Name of publisher, distributor, etc. ইউনিভার্সিটি প্রেস লিমিটেড,
Date of publication, distribution, etc. 2024.
300 ## - PHYSICAL DESCRIPTION
Extent ৩১৯ পৃ. :
Other physical details চিত্র ;
Dimensions ২২ সেমি.।
504 ## - BIBLIOGRAPHY, ETC. NOTE
Bibliography, etc. note গ্রন্থপঞ্জিগত নির্দেশিকা ও নিঘন্ট অন্তভূক্ত
650 ## - SUBJECT ADDED ENTRY--TOPICAL TERM
Topical term or geographic name entry element বাংলাদেশ-স্বাধীনতা সংগ্রাম-১৯৭১
650 ## - SUBJECT ADDED ENTRY--TOPICAL TERM
Topical term or geographic name entry element বাংলাদেশ ইতিহাস
942 ## - ADDED ENTRY ELEMENTS (KOHA)
Source of classification or shelving scheme Dewey Decimal Classification
Koha item type Books
Suppress in OPAC No
Holdings
Withdrawn status Lost status Source of classification or shelving scheme Damaged status Not for loan Collection Home library Current library Shelving location Date acquired Source of acquisition Total checkouts Full call number Barcode Date last seen Copy number Price effective from Koha item type
    Dewey Decimal Classification     Non-fiction Jagannath University Central Library Jagannath University Central Library General stacks 04/19/2026 Purchase   954.92051 HAM JNUCL36237 04/19/2026 1 04/19/2026 Books